[Event "29th Avoine Open 2014"]
[Site "Avoine FRA"]
[Date "2014.07.26"]
[Round "8.30"]
[White "Delinotte, Mathieu"]
[Black "Smith, Matthieu"]
[Result "0-1"]
[WhiteElo "1870"]
[BlackElo "2159"]
[WhiteFideId "617296"]
[BlackFideId "640689"]
[EventDate "2014.07.19"]

1. e4 d6 2. d4 Nf6 3. Nc3 e5 4. Nf3 Nbd7 5. Be3 Be7 6. h3 c6 7. a4 b6 8. Bc4 O-O
9. O-O Bb7 10. dxe5 dxe5 11. Qe2 a6 12. Rad1 Qc7 13. Ng5 b5 14. Bb3 Nc5 15. f4
Nxb3 16. fxe5 Qxe5 17. Rf5 Qc7 18. cxb3 Bc8 19. Rf2 b4 20. Bf4 Qa5 21. e5 bxc3
22. b4 Qxa4 23. exf6 Bxf6 24. Ne4 Be7 25. Nxc3 Qxb4 26. Kh2 Be6 27. Be5 Qh4 28.
Rf4 Qh6 29. Ne4 Bd5 30. Rg4 g6 31. Nf6+ Bxf6 32. Bxf6 Rfe8 33. Qf2 Re6 34. Rh4
Qe3 35. Qxe3 Rxe3 36. Rdd4 Re6 37. Rdf4 Rb8 38. Rxh7 Rxf6 39. Rfh4 Rf2 40. Rh8+
Kg7 41. R4h7+ Kf6 0-1

[Event "29th Avoine Open 2014"]
[Site "Avoine FRA"]
[Date "2014.07.26"]
[Round "8.31"]
[White "Bizovi, Mihai"]
[Black "Auroy, Didier"]
[Result "1-0"]
[WhiteElo "2157"]
[BlackElo "1953"]
[WhiteFideId "13903748"]
[BlackFideId "607614"]
[EventDate "2014.07.19"]

1. d4 d5 2. c4 dxc4 3. e3 e5 4. Bxc4 exd4 5. exd4 Nf6 6. Qb3 Qe7+ 7. Ne2 Qb4+ 8.
Nbc3 Qxb3 9. Bxb3 Bd7 10. O-O Bd6 11. Bg5 Be7 12. Rfe1 O-O 13. Nf4 Bd8 14. Rad1
Na6 15. Nd3 Bf5 16. Ne5 h6 17. Bf4 g5 18. Bg3 Kg7 19. f3 c6 20. Bf2 Ba5 21. g4
Bh7 22. Re2 Rad8 23. h4 Nc7 24. Be3 Bxc3 25. bxc3 Nfd5 26. Bd2 f6 27. Nc4 Bd3
28. Ree1 Bxc4 29. Bxc4 Rfe8 30. Bd3 Rxe1+ 31. Rxe1 Re8 32. Rxe8 Nxe8 33. c4 Nb6
34. f4 gxh4 35. Kh2 Nc7 36. Kh3 c5 37. d5 Ne8 38. Be3 Nd6 39. Bxc5 Nbc8 40. Kxh4
b6 41. Bd4 Ne7 42. Kh5 Nf7 43. a4 Nc8 44. a5 Nfd6 45. g5 hxg5 46. fxg5 Ne8 47.
gxf6+ Kf8 48. Kg6 Ned6 49. c5 bxc5 50. Bxc5 Kg8 51. Bf5 Kh8 52. Bxc8 Nxc8 53.
Kf7 1-0

[Event "29th Avoine Open 2014"]
[Site "Avoine FRA"]
[Date "2014.07.26"]
[Round "8.32"]
[White "Francois, Adrien"]
[Black "Malassagne, Raphael"]
[Result "0-1"]
[WhiteElo "1733"]
[BlackElo "2138"]
[WhiteFideId "26047586"]
[BlackFideId "20666276"]
[EventDate "2014.07.19"]

1. e4 d5 2. exd5 Qxd5 3. Nc3 Qa5 4. d4 Nf6 5. Nf3 Bg4 6. h3 Bh5 7. g4 Bg6 8. Ne5
e6 9. h4 Nbd7 10. Nc4 Qa6 11. Bf4 Qc6 12. Rh3 Bb4 13. Bd2 h5 14. g5 Ne4 15. Ne5
Nxe5 16. Bb5 Qxb5 17. Nxb5 Bxd2+ 18. Kf1 Bf5 19. Ra3 Nc4 20. Nxc7+ Kd7 21. Nxa8
Nxa3 22. bxa3 Bc3 23. f3 Nd2+ 24. Kg2 Rxa8 25. Qe2 Rc8 26. Qb5+ Kd8 27. Re1 Nxf3
28. Kxf3 Bxe1 29. c4 Bg4+ 30. Ke3 b6 31. c5 Rc7 32. a4 f5 33. c6 f4+ 34. Ke4 f3
35. d5 f2 36. d6 Rxc6 37. Qxc6 Bf3+ 38. Kxf3 f1=Q+ 39. Ke3 Qf2+ 40. Kd3 Qd2+ 41.
Kc4 Qc3+ 0-1

[Event "29th Avoine Open 2014"]
[Site "Avoine FRA"]
[Date "2014.07.26"]
[Round "8.33"]
[White "Goettelmann, Guillaume"]
[Black "El Fakkak, Radouan"]
[Result "1-0"]
[WhiteElo "2119"]
[BlackElo "1881"]
[WhiteFideId "645818"]
[BlackFideId "20652321"]
[EventDate "2014.07.19"]

1. d4 Nf6 2. Nf3 g6 3. c4 Bg7 4. Nc3 d5 5. cxd5 Nxd5 6. e4 Nxc3 7. bxc3 c5 8.
Rb1 Nc6 9. d5 Bxc3+ 10. Bd2 Bxd2+ 11. Qxd2 Na5 12. Bb5+ Kf8 13. Qc3 Kg8 14. Qxc5
b6 15. Qd4 Bd7 16. Ba6 Bc8 17. Bd3 Nb7 18. O-O e6 19. Rfe1 exd5 20. exd5 Nc5 21.
Bb5 Bd7 22. Bxd7 Nxd7 23. Rbc1 Qf6 24. d6 Qxd4 25. Nxd4 Nc5 26. Rcd1 Kg7 27. f3
Rac8 28. Re7 Rhd8 29. Rxa7 Kf6 30. Nb5 Ne6 31. Rd2 Rc5 32. a4 Re5 33. Nc3 Nc5
34. Nd5+ Ke6 35. Nxb6 Re1+ 36. Kf2 Ra1 37. Re2+ Kf6 38. Nd5+ Kg7 39. Ree7 Rxd6
40. Rxf7+ Kh6 41. Rxh7+ Kg5 42. Raf7 1-0

[Event "29th Avoine Open 2014"]
[Site "Avoine FRA"]
[Date "2014.07.26"]
[Round "8.34"]
[White "Aubert, Laurane"]
[Black "Dutreuil, Raphael"]
[Result "0-1"]
[WhiteElo "1727"]
[BlackElo "2118"]
[WhiteFideId "20690371"]
[BlackFideId "20630999"]
[EventDate "2014.07.19"]

1. e4 c5 2. Nc3 e6 3. Nge2 Nc6 4. g3 d5 5. exd5 exd5 6. Bg2 Nf6 7. d4 cxd4 8.
Nxd4 Bb4 9. O-O O-O 10. Nce2 Bg4 11. Be3 Re8 12. c3 Bc5 13. Re1 Qb6 14. Qd2 Bxe2
15. Rxe2 Nxd4 16. Bxd4 Rxe2 17. Qxe2 Bxd4 18. cxd4 Qxd4 19. Rd1 Qc5 20. Qd2 Rd8
21. b4 Qb6 22. Rc1 h6 23. a4 Qd6 24. b5 Qd7 25. Qd4 b6 26. Rd1 Qc7 27. Rd3 Qc1+
28. Rd1 Qc5 29. Qa1 Re8 30. Rd2 Qb4 31. Qd1 Qc3 32. Bf1 Rd8 33. Rd3 Qc5 34. Rd4
Qc3 35. Rd3 Qe5 36. Rd4 Ne4 37. Bc4 Nf6 38. Bf1 Rd7 39. Bg2 Rc7 40. Bf1 Rc5 41.
Qd2 Ne4 42. Qd1 f6 43. f3 Rc1 44. Qd3 Rc3 45. Qd1 Rxf3 46. Bg2 Nc3 47. Qxf3
Qxd4+ 48. Kf1 Ne4 49. Qf5 Qd1# 0-1

[Event "29th Avoine Open 2014"]
[Site "Avoine FRA"]
[Date "2014.07.26"]
[Round "8.35"]
[White "Rubino, William"]
[Black "Tomasi, Albert"]
[Result "1/2-1/2"]
[WhiteElo "2116"]
[BlackElo "1846"]
[WhiteFideId "631019"]
[BlackFideId "26063620"]
[EventDate "2014.07.19"]

1. e4 e5 2. Nf3 Nc6 3. Bb5 a6 4. Ba4 Nf6 5. d3 b5 6. Bb3 d6 7. c3 Be7 8. O-O O-O
9. Re1 Na5 10. Bc2 c5 11. Nbd2 Re8 12. Nf1 Bf8 13. Ng3 Bb7 14. Be3 d5 15. Bg5 h6
16. Bxf6 Qxf6 17. Qe2 Rad8 18. Nd2 d4 19. c4 bxc4 20. Nxc4 Nxc4 21. dxc4 Bc6 22.
Qd1 Rb8 23. Rb1 Rb7 1/2-1/2

[Event "29th Avoine Open 2014"]
[Site "Avoine FRA"]
[Date "2014.07.26"]
[Round "8.36"]
[White "Caille, Vincent"]
[Black "Chargelegue, Thomas"]
[Result "1-0"]
[WhiteElo "2113"]
[BlackElo "1876"]
[WhiteFideId "20681356"]
[BlackFideId "36000426"]
[EventDate "2014.07.19"]

1. e4 e6 2. d3 d5 3. Nd2 Nf6 4. Ngf3 c5 5. g3 Nc6 6. Bg2 Be7 7. O-O O-O 8. Re1
Re8 9. e5 Nd7 10. Nf1 f6 11. exf6 Bxf6 12. Ne3 Nf8 13. Ng4 e5 14. Nxf6+ Qxf6 15.
Bg5 Qf7 16. Be3 Ne6 17. Bd2 Qc7 18. Qe2 Nf8 19. Ng5 Rd8 20. Bc3 d4 21. Bd2 h6
22. Ne4 Ne6 23. Rf1 Rf8 24. Rae1 Bd7 25. Bc1 Rae8 26. Nd2 Ned8 27. h3 Nf7 28.
Nf3 Nd6 29. Nh4 b5 30. Qh5 Be6 31. f4 Bf7 32. Qf3 e4 33. dxe4 Nb7 34. e5 Nbd8
35. b3 c4 36. Qe4 cxb3 37. axb3 Nb4 38. Re2 Ndc6 39. Rd2 Nd5 40. Ng6 Bxg6 41.
Qxd5+ 1-0

[Event "29th Avoine Open 2014"]
[Site "Avoine FRA"]
[Date "2014.07.26"]
[Round "8.37"]
[White "Grigorian, Roudolph"]
[Black "Afraoui, Anaelle"]
[Result "1/2-1/2"]
[WhiteElo "2107"]
[BlackElo "1838"]
[WhiteFideId "675768"]
[BlackFideId "20654383"]
[EventDate "2014.07.19"]

1. a3 Nf6 2. Nf3 d5 3. d4 Bf5 4. e3 e6 5. c4 c6 6. Nc3 Bd6 7. Bd3 Bxd3 8. Qxd3
Nbd7 9. O-O O-O 10. e4 dxc4 11. Qxc4 e5 12. Bg5 exd4 13. Qxd4 Bc5 14. Qc4 Be7
15. Rad1 Qc7 16. Qd4 Bc5 17. Qd2 Ne5 18. Qe2 Qe7 19. Kh1 Ng6 20. e5 Rfe8 21. Ne4
Nxe5 22. Bxf6 gxf6 23. Nxe5 Qxe5 24. Qg4+ Kh8 25. Nxc5 Qxc5 26. Qf3 Qe7 1/2-1/2

[Event "29th Avoine Open 2014"]
[Site "Avoine FRA"]
[Date "2014.07.26"]
[Round "8.38"]
[White "Azouni, Anais"]
[Black "Vidal, Llewellyn"]
[Result "0-1"]
[WhiteElo "1555"]
[BlackElo "2102"]
[WhiteFideId "20697872"]
[BlackFideId "20661347"]
[EventDate "2014.07.19"]

1. e4 g6 2. d4 Bg7 3. Be3 d6 4. Nd2 a6 5. c3 Nd7 6. Ne2 Ngf6 7. f3 b5 8. g4 Nb6
9. Ng3 Bb7 10. g5 Nfd7 11. f4 c5 12. f5 b4 13. Nf3 Rc8 14. cxb4 cxd4 15. Bxd4
O-O 16. Bxg7 Kxg7 17. Qd4+ Ne5 18. Nxe5 dxe5 19. Qxe5+ f6 20. gxf6+ exf6 21. Qf4
Qd4 22. Qd2 Qe5 23. Bd3 Rfd8 24. Qe2 Qd4 25. Rd1 Qxb4+ 26. Kf1 Na4 27. fxg6 hxg6
28. Rg1 Nxb2 29. Rb1 Rxd3 30. Rxb2 Rc1+ 31. Kg2 Rxg1+ 32. Kxg1 Qd4+ 33. Qf2 Rd1+
34. Kg2 Bxe4+ 35. Nxe4 Qxe4+ 36. Qf3 Rg1+ 0-1

[Event "29th Avoine Open 2014"]
[Site "Avoine FRA"]
[Date "2014.07.26"]
[Round "8.39"]
[White "Grateau, Jean-Noel"]
[Black "Stephan, Victor"]
[Result "0-1"]
[BlackTitle "FM"]
[WhiteElo "1929"]
[BlackElo "2341"]
[WhiteFideId "641456"]
[BlackFideId "656666"]
[EventDate "2014.07.19"]

1. e4 c5 2. Nc3 a6 3. Nge2 d6 4. g3 b5 5. Bg2 Bb7 6. d3 g6 7. Be3 Bg7 8. Qd2 Nd7
9. O-O b4 10. Nd1 e6 11. c3 bxc3 12. bxc3 Ne7 13. Rb1 Qc7 14. Bh6 O-O 15. Bxg7
Kxg7 16. Ne3 Rab8 17. f4 f5 18. Kh1 Bc6 19. c4 Nf6 20. Qc3 Kf7 21. Qc2 Ba8 22.
Nc3 Nc6 23. Qd2 Nd4 24. h3 Rb4 25. Nc2 Nxc2 26. Qxc2 Rfb8 27. a3 R4b6 28. Na4
Rxb1 29. Rxb1 fxe4 30. dxe4 Rxb1+ 31. Qxb1 Qa5 32. Qb6 Qxb6 33. Nxb6 Bxe4 34.
Bxe4 Nxe4 35. Kg2 Ke7 36. Kf3 Nc3 37. Ke3 d5 38. g4 Kd6 39. Kd3 d4 0-1

[Event "29th Avoine Open 2014"]
[Site "Avoine FRA"]
[Date "2014.07.26"]
[Round "8.40"]
[White "Lukasiewicz, Grzegorz"]
[Black "Mauffrey, Hugues"]
[Result "1-0"]
[WhiteTitle "IM"]
[WhiteElo "2265"]
[BlackElo "1929"]
[WhiteFideId "1100866"]
[BlackFideId "637980"]
[EventDate "2014.07.19"]

1. d4 Nf6 2. Nf3 g6 3. c3 Bg7 4. Bg5 d6 5. e3 O-O 6. Bc4 c5 7. O-O Nc6 8. Nbd2
cxd4 9. exd4 h6 10. Bh4 Bf5 11. Re1 Qc7 12. Bg3 Rad8 13. Nh4 e5 14. Nxf5 gxf5
15. dxe5 dxe5 16. Qc2 b5 17. Bb3 Qd7 18. Rad1 f4 19. Bh4 Qg4 20. Bxf6 Rxd2 21.
h3 Rxc2 22. hxg4 Rxb2 23. Rd6 Na5 24. Bd5 Nc4 25. Bxc4 bxc4 26. Rxe5 Rxa2 27.
Re4 Rc8 28. Rxf4 a5 29. Bxg7 Kxg7 30. Rd7 Ra1+ 31. Kh2 a4 32. Rfxf7+ Kg8 33.
Rg7+ Kf8 34. Rdf7+ Ke8 35. Ra7 Kf8 36. Rh7 Kg8 37. Rxh6 Rc1 38. f4 Rxc3 39. f5
a3 40. f6 Rb3 41. Rg7+ 1-0

[Event "29th Avoine Open 2014"]
[Site "Avoine FRA"]
[Date "2014.07.26"]
[Round "8.41"]
[White "Schweitzer, Viktoriya"]
[Black "Trouve, Guillaume"]
[Result "1-0"]
[WhiteTitle "WIM"]
[WhiteElo "2195"]
[BlackElo "1910"]
[WhiteFideId "14100878"]
[BlackFideId "26007266"]
[EventDate "2014.07.19"]

1. e4 c5 2. Nf3 d6 3. c3 Nf6 4. Be2 g6 5. O-O Bg7 6. Re1 O-O 7. Bf1 Nc6 8. h3 a6
9. d4 d5 10. e5 Nd7 11. Bf4 cxd4 12. cxd4 Nb6 13. Nc3 Bf5 14. Qd2 Rc8 15. Rac1
Na5 16. b3 Nc6 17. Bd3 Be6 18. Bb1 Qd7 19. Kh2 Nb4 20. Nh4 a5 21. Bh6 Rc7 22.
Bxg7 Kxg7 23. f4 f5 24. exf6+ exf6 25. f5 Qd6+ 26. g3 Bf7 27. Nb5 Qd7 28. Nxc7
g5 29. Ne6+ Bxe6 30. fxe6 1-0

[Event "29th Avoine Open 2014"]
[Site "Avoine FRA"]
[Date "2014.07.26"]
[Round "8.42"]
[White "Vekemans, Sylvain"]
[Black "Devallee, Jeremie"]
[Result "0-1"]
[WhiteElo "1928"]
[BlackElo "2169"]
[WhiteFideId "686506"]
[BlackFideId "665240"]
[EventDate "2014.07.19"]

1. c4 e5 2. Nc3 Nc6 3. g3 Bb4 4. Nd5 Nf6 5. Nxb4 Nxb4 6. Bg2 O-O 7. a3 Nc6 8. e4
d6 9. Ne2 Re8 10. O-O Bg4 11. f3 Be6 12. d3 Qd7 13. f4 Bg4 14. Be3 a5 15. f5 a4
16. h3 Bxe2 17. Qxe2 Nd4 18. Bxd4 exd4 19. Qf2 c5 20. g4 Qd8 21. g5 Nd7 22. f6
g6 23. h4 Re5 24. Qg3 h6 25. Rf4 Nf8 26. gxh6 Kh7 27. Rf5 Nd7 28. Raf1 Qf8 29.
Rg5 Rxg5 30. hxg5 Ne5 31. Rd1 b5 32. cxb5 Rb8 33. Bh3 Rxb5 34. Qf2 Rb3 35. Bf1
Qb8 36. Rd2 Qc8 37. Kg2 Qg4+ 38. Qg3 Qxg3+ 39. Kxg3 c4 40. Kf4 c3 41. bxc3 dxc3
42. Rc2 Nc6 43. Ke3 Rxa3 44. d4 Nb4 45. Rc1 c2+ 46. Kd2 Rg3 47. Bc4 Nc6 48. Rxc2
Nxd4 49. Rc3 Nf3+ 50. Ke2 Nd4+ 51. Kd2 Rxg5 52. Bxf7 Kxh6 53. Rh3+ Rh5 54. Rg3
Rg5 55. Rh3+ Rh5 56. Rg3 Nb3+ 57. Kd3 Nc5+ 58. Kd2 Nxe4+ 0-1

[Event "29th Avoine Open 2014"]
[Site "Avoine FRA"]
[Date "2014.07.26"]
[Round "8.43"]
[White "Algaba, Pedro"]
[Black "Naudion, Gregoire"]
[Result "1/2-1/2"]
[WhiteElo "1899"]
[BlackElo "2167"]
[WhiteFideId "611492"]
[BlackFideId "663530"]
[EventDate "2014.07.19"]

1. e4 c5 2. Nf3 Nc6 3. d4 cxd4 4. Nxd4 g6 5. Bc4 Bg7 6. c3 Nf6 7. Qe2 d6 8. h3
O-O 9. O-O Nxd4 10. cxd4 d5 11. exd5 Nxd5 12. Rd1 Be6 13. Nc3 Nxc3 14. bxc3 Bxc4
15. Qxc4 Rc8 16. Qb3 Qc7 17. Bb2 Rfd8 18. Rac1 b5 19. Ba3 Qd7 20. Bb4 Rc4 21.
Re1 e6 22. Rcd1 Qc6 23. a3 Rd5 24. Re3 Qc7 25. Qb1 a5 26. Bc5 Bf8 27. Bxf8 Kxf8
28. Qd3 Qd6 29. Rb1 Kg7 30. Rb3 a4 31. Rb1 Qxa3 32. Rxb5 Rxc3 33. Qxc3 Qxc3 34.
Rxc3 Rxb5 35. Kf1 Ra5 36. Ra3 Kf6 37. Ke2 e5 38. Kd3 Ke6 39. dxe5 Kxe5 40. Kc4
Ra7 41. Re3+ Kd6 42. Ra3 h5 43. g3 Kc6 44. h4 Ra8 45. f3 Kd6 46. Kd4 Ra7 47. Kc4
Ke5 48. Re3+ Kf5 49. Ra3 f6 50. Kc5 Ra8 51. Kc6 Rc8+ 52. Kd5 Rd8+ 53. Kc5 Rd2
54. Rxa4 Rg2 55. Rf4+ Ke6 56. Re4+ Kf7 57. g4 hxg4 58. fxg4 Rh2 59. g5 1/2-1/2

[Event "29th Avoine Open 2014"]
[Site "Avoine FRA"]
[Date "2014.07.26"]
[Round "8.44"]
[White "Deveque, Guillaume"]
[Black "Jaureguiberry, Cedric"]
[Result "1/2-1/2"]
[WhiteElo "1891"]
[BlackElo "2127"]
[WhiteFideId "658952"]
[BlackFideId "620122"]
[EventDate "2014.07.19"]

1. b4 Nf6 2. c4 g6 3. Bb2 Bg7 4. Nc3 O-O 5. Nf3 d5 6. e3 Bf5 7. Nd4 e5 8. Nxf5
gxf5 9. cxd5 Nxd5 10. Qf3 Nxb4 11. Qxf5 N8c6 12. Rd1 Nd4 13. exd4 exd4 14. Be2
dxc3 15. Bxc3 Qd5 16. Qxd5 Nxd5 17. Bxg7 Kxg7 18. O-O Rad8 19. Bf3 c5 20. Rfe1
b6 21. Bxd5 Rxd5 22. Re7 Rfd8 23. Rxa7 Rxd2 24. Rxd2 Rxd2 25. g4 b5 26. Ra5 Rb2
27. a4 bxa4 28. Rxc5 a3 29. Ra5 a2 30. Kg2 Kf6 31. h4 Kg7 1/2-1/2

[Event "29th Avoine Open 2014"]
[Site "Avoine FRA"]
[Date "2014.07.26"]
[Round "8.45"]
[White "Goupil, Arnaud"]
[Black "De Lussac, Rainier"]
[Result "1-0"]
[WhiteElo "2126"]
[BlackElo "1907"]
[WhiteFideId "619248"]
[BlackFideId "20685254"]
[EventDate "2014.07.19"]

1. d4 Nf6 2. Nf3 e6 3. Bf4 c5 4. e3 d6 5. c3 b6 6. Bb5+ Bd7 7. Be2 Bc6 8. O-O
Be7 9. h3 O-O 10. a4 Nbd7 11. Nbd2 Ne4 12. Nxe4 Bxe4 13. Nd2 Bb7 14. Nc4 Nf6 15.
dxc5 dxc5 16. Qc1 Nd5 17. Bh2 Qc8 18. e4 Nf6 19. Nd6 Bxd6 20. Bxd6 Rd8 21. Be7
Rd7 22. Bxf6 gxf6 23. Qf4 Qc6 24. Bb5 Qd6 25. Qg4+ Kf8 26. Rad1 1-0

[Event "29th Avoine Open 2014"]
[Site "Avoine FRA"]
[Date "2014.07.26"]
[Round "8.46"]
[White "Mattheys, Eddy"]
[Black "Dubois, Pierre"]
[Result "0-1"]
[WhiteElo "1890"]
[BlackElo "2124"]
[WhiteFideId "205419"]
[BlackFideId "673609"]
[EventDate "2014.07.19"]

1. d4 Nf6 2. c4 c5 3. d5 e6 4. Nc3 exd5 5. cxd5 d6 6. e4 g6 7. Bb5+ Nfd7 8. Bf4
a6 9. Bd3 b5 10. Nf3 Qc7 11. O-O c4 12. Rc1 Nc5 13. Bb1 Bg7 14. Re1 Bg4 15. h3
Bxf3 16. Qxf3 O-O 17. Qg3 Be5 18. Bxe5 dxe5 19. Rcd1 Qd6 20. f3 Nbd7 21. a3 Rfb8
22. Ne2 Rb6 23. Rc1 Nd3 24. Bxd3 cxd3 25. Rc6 Rxc6 26. dxc6 Qxc6 27. Nc3 Rd8 28.
Rd1 Qc5+ 29. Qf2 Qc4 30. Nd5 Nc5 31. Qe3 Qd4 32. Qxd4 exd4 33. b4 Ne6 34. Rxd3
Kf8 35. Kf2 f5 36. g4 Kf7 37. gxf5 gxf5 38. Kg3 Rg8+ 39. Kf2 f4 40. h4 h5 41.
Rd1 Rc8 42. Ke2 Rc2+ 43. Rd2 Rc1 44. Rd1 Rc8 45. Rd2 Ke8 46. Kd3 Rc1 47. Nf6+
Kf7 48. Nxh5 Rc3+ 49. Ke2 Kg6 50. Nxf4+ Nxf4+ 51. Kf2 Rxa3 52. Rxd4 Ra2+ 53. Ke3
Ng2+ 54. Kd3 Ne1+ 55. Kc3 Nxf3 56. Rd6+ Kh5 57. Kb3 Re2 58. Rxa6 Rxe4 59. Rb6
Re5 60. Rf6 Nxh4 61. Kc3 Nf5 62. Rc6 Kg5 63. Rc5 Kf6 64. Rc8 Re3+ 65. Kb2 Nd4
66. Rd8 Rb3+ 67. Ka2 Rxb4 68. Ka3 Ra4+ 69. Kb2 Ke7 70. Rb8 Kd6 71. Kc3 Kc5 72.
Rc8+ Nc6 73. Kb3 Rh4 74. Rg8 Rh3+ 75. Kb2 Kc4 76. Rc8 Rh2+ 77. Kc1 Kc5 78. Kb1
b4 0-1

[Event "29th Avoine Open 2014"]
[Site "Avoine FRA"]
[Date "2014.07.26"]
[Round "8.47"]
[White "Deslias, Gregoire"]
[Black "Travadon, Loic"]
[Result "0-1"]
[WhiteElo "2110"]
[BlackElo "1892"]
[WhiteFideId "602051"]
[BlackFideId "26092131"]
[EventDate "2014.07.19"]

1. d4 d5 2. Nf3 Nf6 3. e3 c5 4. b3 cxd4 5. exd4 Nc6 6. Bb2 Bg4 7. Nbd2 e6 8. a3
Bd6 9. Bd3 O-O 10. h3 Bh5 11. g4 Bg6 12. Bxg6 hxg6 13. Ne5 Nd7 14. Qe2 Ndxe5 15.
dxe5 Be7 16. Nf3 Rc8 17. h4 Qa5+ 18. Kf1 Rfd8 19. Kg2 d4 20. b4 d3 21. cxd3 Qd5
22. d4 Rc7 23. Rac1 Rdc8 24. Rcd1 Nb8 25. Rd2 Nd7 26. Kg3 Nb6 27. h5 gxh5 28.
Rxh5 Na4 29. Qf1 g6 30. Rh3 Kf8 31. Rh8+ Kg7 32. Rxc8 Rxc8 33. Ba1 Qe4 34. Qd1
g5 35. Qxa4 Qf4+ 36. Kg2 Qxg4+ 37. Kh2 Rh8+ 0-1

[Event "29th Avoine Open 2014"]
[Site "Avoine FRA"]
[Date "2014.07.26"]
[Round "8.48"]
[White "Beaugeard, Meddy"]
[Black "Micottis, Dorian"]
[Result "0-1"]
[WhiteElo "1875"]
[BlackElo "2108"]
[WhiteFideId "696277"]
[BlackFideId "26021986"]
[EventDate "2014.07.19"]

1. Nf3 Nf6 2. d4 g6 3. g3 Bg7 4. Bg2 O-O 5. O-O d5 6. Nbd2 c5 7. c3 cxd4 8. cxd4
Nc6 9. Nb3 Ne4 10. Ng5 Nxg5 11. Bxg5 h6 12. Be3 Bf5 13. f3 a5 14. g4 Bc8 15. Qd2
Kh7 16. Rad1 b6 17. Bf2 Ba6 18. Rfe1 Rc8 19. a3 a4 20. Nc1 Na5 21. Nd3 Bxd3 22.
Qxd3 Nc4 23. Qb1 Qd7 24. e4 dxe4 25. Qxe4 Nxb2 26. Rb1 Nc4 27. Qxe7 Rfd8 28. Bf1
Nd2 29. Rxb6 Nxf3+ 30. Kh1 Nxe1 31. Qxe1 Bxd4 32. Bxd4 Qxd4 33. Rb4 Qd5+ 34. Kg1
Rc2 35. Rxa4 Qc5+ 36. Kh1 0-1

[Event "29th Avoine Open 2014"]
[Site "Avoine FRA"]
[Date "2014.07.26"]
[Round "8.49"]
[White "Fournier De Weer, Julien"]
[Black "Sally, Paul-Adrien"]
[Result "0-1"]
[WhiteElo "1599"]
[BlackElo "2081"]
[WhiteFideId "682713"]
[BlackFideId "662526"]
[EventDate "2014.07.19"]

1. e4 d5 2. exd5 Nf6 3. d4 Qxd5 4. Nf3 Bg4 5. Be2 e6 6. Nc3 Qa5 7. O-O Nbd7 8.
Bf4 Bd6 9. Bg3 Bxg3 10. fxg3 O-O 11. Qd3 Bf5 12. Qd2 c5 13. Bd3 Bg4 14. Qe3 Rad8
15. Kh1 Bxf3 16. gxf3 cxd4 17. Qxd4 Ne5 18. Qe3 Nxd3 19. cxd3 b6 20. Rf2 Rd7 21.
Ne4 Nd5 22. Qg5 h6 23. Qg4 f5 24. Qg6 fxe4 25. Qxe6+ Rdf7 26. fxe4 Nf6 27. Raf1
Qb5 28. Rxf6 gxf6 29. Rxf6 Qe8 30. Rg6+ Kh8 31. Qd6 Rg7 32. Rxh6+ Kg8 33. e5 Qe7
34. Qd5+ Qf7 35. Qxf7+ Rgxf7 36. Kg2 Rd8 37. h4 Rxd3 38. g4 Re7 39. e6 Re3 40.
g5 R3xe6 41. Rxe6 Rxe6 42. Kf3 Kg7 43. h5 Rc6 44. Kf4 Rc2 45. Kf5 Rf2+ 46. Ke6
Rxb2 47. Kd5 Rxa2 48. Kc4 Ra5 49. h6+ Kh7 50. Kb4 Rxg5 51. Ka4 Kxh6 52. Kb4 a5+
53. Kb3 b5 54. Kb2 Rg3 55. Ka2 a4 56. Kb2 b4 57. Ka2 a3 58. Kb1 b3 59. Kc1 Rd3
60. Kb1 Rd1# 0-1

[Event "29th Avoine Open 2014"]
[Site "Avoine FRA"]
[Date "2014.07.26"]
[Round "8.50"]
[White "Soyer, Jean-Yves"]
[Black "Caille, Hugo"]
[Result "1/2-1/2"]
[WhiteElo "2080"]
[BlackElo "1854"]
[WhiteFideId "609650"]
[BlackFideId "20681348"]
[EventDate "2014.07.19"]

1. Nf3 Nf6 2. c4 e6 3. g3 b6 4. Bg2 Bb7 5. O-O Be7 6. Nc3 O-O 7. Re1 d5 8. cxd5
exd5 9. d4 c5 10. Bf4 Nbd7 11. Ne5 cxd4 12. Qxd4 Bc5 13. Qa4 Nxe5 14. Bxe5 Qe7
15. Bd4 Rfc8 16. Rad1 Bc6 17. Qb3 Bxd4 18. Rxd4 Qe5 19. Red1 Re8 20. e3 Rad8 21.
Nxd5 Nxd5 22. Bxd5 Bxd5 23. Rxd5 Rxd5 24. Rxd5 Qc7 25. Qd1 h6 26. Rd7 Qe5 27.
Qd5 Qxd5 28. Rxd5 Rc8 29. Rd7 Rc2 30. Rxa7 Rxb2 31. g4 b5 32. Kg2 b4 33. h4 b3
34. axb3 Rxb3 35. h5 f6 36. Kf3 Kh7 37. Kf4 Rb5 38. Rd7 Ra5 39. Rb7 Rc5 40. Re7
Ra5 41. Rd7 Rb5 42. Ke4 Rg5 43. f3 Re5+ 44. Kd4 Ra5 45. Ke4 Re5+ 46. Kf4 Ra5 47.
Kg3 Re5 48. e4 Ra5 49. Rd3 Ra4 50. Kf4 Ra5 51. Ke3 Ra4 52. Rb3 Ra1 53. Kd4 Ra4+
54. Kc5 Ra5+ 55. Kb6 Ra1 56. Rc3 Rd1 57. Kb5 Rd2 58. Kc4 Rd1 59. Rd3 Rc1+ 60.
Kd5 Ra1 61. Ke6 Ra6+ 62. Kf5 Ra5+ 63. Rd5 Ra1 64. f4 Rf1 65. Rd8 Rf2 66. Re8 Rf3
67. e5 fxe5 68. Rxe5 Rh3 69. Re8 Ra3 70. Rd8 Ra5+ 71. Ke6 Ra6+ 72. Rd6 Ra4 73.
Ke5 Ra5+ 74. Rd5 Ra4 75. Kf5 Ra1 76. Rb5 Ra2 77. g5 hxg5 78. Kxg5 Rg2+ 1/2-1/2

[Event "29th Avoine Open 2014"]
[Site "Avoine FRA"]
[Date "2014.07.27"]
[Round "9.1"]
[White "Lagarde, Maxime"]
[Black "Filip, Lucian"]
[Result "1/2-1/2"]
[WhiteTitle "GM"]
[BlackTitle "IM"]
[WhiteElo "2521"]
[BlackElo "2458"]
[WhiteFideId "662399"]
[BlackFideId "1208900"]
[EventDate "2014.07.19"]

1. d4 Nf6 2. c4 e6 3. Nf3 b6 4. a3 Bb7 5. Nc3 d5 6. Bg5 dxc4 7. e4 Be7 8. Bxf6
Bxf6 9. Bxc4 O-O 10. e5 Be7 11. d5 exd5 12. Bxd5 c6 13. Be4 Nd7 14. Qc2 g6 15.
O-O-O Qc8 16. h4 Nc5 17. h5 Qg4 18. Rh3 Nxe4 19. Qxe4 Qxe4 20. Nxe4 c5 21. Nf6+
Bxf6 22. exf6 Rad8 23. Rxd8 Rxd8 24. Ng5 Bxg2 25. Rh2 1/2-1/2

[Event "29th Avoine Open 2014"]
[Site "Avoine FRA"]
[Date "2014.07.27"]
[Round "9.2"]
[White "Colin, Vincent"]
[Black "Greenfeld, Alon"]
[Result "0-1"]
[WhiteTitle "IM"]
[BlackTitle "GM"]
[WhiteElo "2435"]
[BlackElo "2540"]
[WhiteFideId "612324"]
[BlackFideId "2800039"]
[EventDate "2014.07.19"]

1. e4 c5 2. Nc3 g6 3. d4 cxd4 4. Qxd4 Nf6 5. e5 Nc6 6. Qf4 Nh5 7. Qe3 Bg7 8. Nf3
O-O 9. g4 d5 10. gxh5 d4 11. Nxd4 Nxd4 12. Bd3 Bg4 13. f4 Bxh5 14. O-O f6 15.
exf6 Rxf6 16. Ne4 Rc6 17. Kh1 Rac8 18. Ng5 Rxc2 19. Bxc2 Rxc2 20. Qe4 Be2 21.
Re1 Bb5 22. Qxe7 Bc6+ 23. Kg1 Qd5 0-1

[Event "29th Avoine Open 2014"]
[Site "Avoine FRA"]
[Date "2014.07.27"]
[Round "9.3"]
[White "Belenkaya, Dina"]
[Black "Castellanos Rodriguez, Renier"]
[Result "1/2-1/2"]
[WhiteTitle "WFM"]
[BlackTitle "IM"]
[WhiteElo "2223"]
[BlackElo "2479"]
[WhiteFideId "24142654"]
[BlackFideId "3404650"]
[EventDate "2014.07.19"]

1. e4 c5 2. Nf3 e6 3. c3 Nf6 4. e5 Nd5 5. d4 cxd4 6. cxd4 d6 7. Bc4 Nb6 8. Bd3
Nc6 9. O-O Nb4 10. Bg5 Be7 11. Bxe7 Qxe7 12. Nc3 Bd7 13. Ne4 dxe5 14. dxe5 O-O
15. Nd4 Nxd3 16. Qxd3 Rfd8 17. Nd6 Be8 18. Qe4 Rab8 19. Rac1 Nc8 20. Nxe8 Qxe8 1/2-1/2